Vista normal
Vista MARC
Entrada Encabezamiento temático
Número de registros utilizados en: 14
001 - NÚMERO DE CONTROL
- campo de control: 4120
003 - IDENTIFICADOR DEL NÚMERO DE CONTROL
- campo de control: vecauma
005 - FECHA Y HORA DE LA ÚLTIMA TRANSACCIÓN
- campo de control: 20240606210448.0
008 - DATOS DE LONGITUD FIJA
- campo de control de longitud fija: 221117|| aca||aabn | a|a d
040 ## - FUENTE DE LA CATALOGACIÓN
- Centro catalogador/agencia de origen: vecauma
053 ## - Número de clasificación LC
- Número de clasificación–único número o número inicial: HB75
- Número de clasificación–último número: HB130
150 ## - Materia
- Encabezamiento temático: ECONOMIA
- Subdivisión general: HISTORIA
450 ## - REFERENCIA DE “VEASE” MATERIA
- Encabezamiento temático: Economics --
- Subdivisión temática general: History
450 ## - REFERENCIA DE “VEASE” MATERIA
- Encabezamiento temático: Historia del pensamiento económico
450 ## - REFERENCIA DE “VEASE” MATERIA
- Encabezamiento temático: Teoría económica --
- Subdivisión temática general: Historia
670 ## - FUENTE EN LA QUE SE LOCALIZARON DATOS
- Cita de la fuente: Catálogo de Autoridades de la Biblioteca Nacional de España, 2022
- Información localizada: (Economía-Historia)
670 ## - FUENTE EN LA QUE SE LOCALIZARON DATOS
- Cita de la fuente: Catálogo de Autoridades de la Biblioteca del Congreso, 2022
- Información localizada: (Economics-History)
680 ## - NOTA GENERAL CON DESPLIEGUE AL PUBLICO
- Texto explicativo: Bajo este encabezamiento se ingresan las obras sobre la historia de la economía como ciencia. Para obras sobre la historia de la economía mundial y de las condiciones económicas véase: Historia económica
